La pastoral de conjunto después del Concilio / (Record no. 93007)

MARC details
000 -LEADER
campo de control de longitud fija 00505nam a2200169 i 4500
001 - NÚMERO DE CONTROL
campo de control 93007
003 - IDENTIFICADOR DE NÚMERO DE CONTROL
campo de control ES-MaACL
005 - FECHA Y HORA DE LA ÚLTIMA TRANSACCIÓN
campo de control 20230906181115.0
007 - CAMPO FIJO DE DESCRIPCIÓN FÍSICA--INFORMACIÓN GENERAL
campo de control de longitud fija t|
008 - DATOS DE LONGITUD FIJA--INFORMACIÓN GENERAL
campo de control de longitud fija 050406s1969 sp ||||1| spa d
100 1# - ENTRADA PRINCIPAL--NOMBRE DE PERSONA
Nombre de persona Locatelli, Giovanni.
9 (RLIN) 73037
245 13 - MENCIÓN DEL TÍTULO
Título La pastoral de conjunto después del Concilio /
Mención de responsabilidad, etc. Giovanni Locatelli; versión por M. Allende.
260 ## - PUBLICACIÓN, DISTRIBUCIÓN, ETC.
Lugar de publicación, distribución, etc. Bilbao :
Nombre del editor, distribuidor, etc. Mensajero,
Fecha de publicación, distribución, etc. 1969.
300 ## - DESCRIPCIÓN FÍSICA
Extensión 366 p. ;
Dimensiones 19 cm.
700 1# - ENTRADA AGREGADA--NOMBRE PERSONAL
Nombre de persona Allende, M.
9 (RLIN) 20010
852 ## - LOCALIZACIÓN
Ubicación ES-MaACL
Número de control de estantería C-35899
Sublocalización o colección R.69882
Holdings
Estatus retirado Estado de pérdida Estado de daño No para préstamo Biblioteca de origen Biblioteca actual Ubicación en estantería Fecha de adquisición Fuente de adquisición Total de préstamos Signatura topográfica completa Código de barras Visto por última vez Precio de reemplazo Tipo de ítem Koha
        Biblioteca del Ateneo de Madrid Biblioteca del Ateneo de Madrid Depósito 2 17/01/2008     C-35899 1097090 23/02/2023 23/02/2023 Libro impreso